|
|
|
|
| LEADER |
01272nam a2200253 a 4500 |
| 001 |
GR-Patra18644 |
| 008 |
050831s2005 gr b 000 0 gre d |
| 020 |
|
|
|a 9600336326
|
| 040 |
|
|
|a GrPaTEI
|b gre
|c GR-PaULI
|
| 040 |
|
|
|a GrPaTEI
|b gre
|c GR-PaULI
|
| 082 |
|
0 |
|a 372
|2 21
|
| 100 |
1 |
|
|a Τσιαμπόκαλου, Γιολάντα
|
| 245 |
1 |
0 |
|a Άμα βάψεις το λαγό κόκκινο σαν το αυγό-- -- /
|c Γιολάντα Τσιαμπόκαλου ; Εικονογράφηση Δημοσθένης Οικονομίδης ; Ευαγγελία Ακριβού.
|
| 260 |
|
|
|a Αθήνα :
|b Καστανιώτη,
|c 2005
|
| 300 |
|
|
|a 28σ. :
|b εικ.
|
| 500 |
|
|
|a Το αντίτυπο είναι μόνιμα δανεισμένο στο παιδικό σταθμό του ΤΕΙ Πάτρας
|
| 650 |
|
4 |
|a ΠΑΙΔΙΚΑ ΒΙΒΛΙΑ
|
| 700 |
1 |
|
|a Ακριβού, Ευαγγελία
|
| 700 |
1 |
|
|a Οικονομίδης, Δημοσθένης
|
| 710 |
0 |
|
|a Καστανιώτης
|
| 942 |
|
|
|2 ddc
|
| 952 |
|
|
|0 0
|1 0
|2 ddc
|4 0
|6 372_000000000000000_ΤΣΙ
|7 0
|9 298712
|a LISK
|b LISK
|c BSC
|d 2021-01-17
|e 24
|f 1
|g 0.00
|l 0
|o 372 ΤΣΙ
|p 92410027462
|r 2021-01-17 00:00:00
|t 1
|w 2021-01-17
|y BK15
|x 20050831 0 1
|x GrPaTEI
|
| 971 |
|
|
|a .b26661597
|b 15-04-20
|c 23-09-16
|
| 999 |
|
|
|c 173808
|d 173808
|